Histoire - Les Explorateurs - Statistiques

Statistiques générales
  • Ce quiz a été pris 75 fois
    65 depuis la dernière actualisation
  • Le résultat moyen est 24 sur 60
Statistiques - réponses
Question Réponse % Correct
Jeanne Barret née en Saône-et-Loire en 1740 est connue pour... avoir été la 1ère femme à faire le tour du monde
80%
Nikolaï Prjevalski a exploré notamment la Mongolie, il était né en Russie
80%
Louis XVI l'a envoyé en mission mais ne l'a jamais vu revenir. Il s'en inquiétait encore peu avant son exécution. Quel est ce marin ? Jean-François de La Pérouse
80%
William Baffin a découvert la mer de Baffin
80%
Vasco de Gama a ouvert la Route des Indes, il était... portugais
80%
Jacques Yves Cousteau était reconnaissable à son bonnet rouge
80%
Fernando de Magellan est mort aux Philippines en 1521
70%
Jacques Cartier qui a remonté le fleuve St Laurent au Canada était né en 1491 à Saint-Malo
70%
Etienne Brûlé a exploré les Grands Lacs d'Amérique
70%
Herman Cortès a conquis l'empire aztèque
70%
Roald Amundsen a atteint... le Pôle sud
70%
Yves de Kerguelen de Trémarec a découvert les îles de la Désolation
70%
René Caillé est le premier explorateur occidental à avoir atteint Tombouctou en 1828
60%
Bartolomeu Dias a découvert le cap de Bonne Espérance
60%
Francisco Pizarro a découvert l'empire Inca
60%
Robert Peary a atteint en 1909 le pôle nord
60%
L'explorateur britannique James Cook est mort... massacré à Hawaï
60%
Georges Claraz a découvert la Patagonie septentrionale en 1865, il était... Suisse
60%
Hiram Bingham a redécouvert Macchu Picchu en 1911
50%
William Barents qui a découvert le Spitzberg a une mer à son nom c'est exact
50%
Le détroit de Béring porte le nom de celui qui l'a découvert
50%
Antonio de Abreu a exploré... les îles de la Sonde
50%
L'explorateur français Paul-Emile Victor était né en 1907, il est mort en... 1995
40%
Jean de Marignol est un Franciscain qui a voyagé jusqu'en Chine au XVe siècle
40%
Jules Dumont d'Urville, explorateur de l'Antarctique est mort en 1842 dans un accident de train
40%
L'explorateur vénitien Marco Polo a vécu... de 1254 à 1323
40%
Pierre Savorgnan de Brazza a exploré le Congo, il était Français
40%
Alexandra David-Néel qui a exploré le Tibet était Française
40%
Yermak Timofeyevitch a exploré la Sibérie
40%
François Lamy a exploré au XIXe siècle... le lac Tchad
40%
David Livingstone a remonté le Zambèze
40%
Sebastian de Belalcazar qui a exploré la Colombie et l'Equateur est aussi le fondateur de... Quito
40%
Le Suisse Jacques Piccard est descendu en 1960 en sous-marin bien en-dessous du niveau de la mer. Il a atteint... 10916 m
30%
Erik le Rouge, norvégien, a découvert le Groenland au Xe siècle
30%
L'Islandais Leif Ericon a découvert l'Amérique du Nord au XIe siècle
30%
Diego de Almagro a... conquis l'empire inca
30%
Chacun sait que Christophe Colomb a atteint les Amériques mais quand et où est-il mort ? en 1506 à Valladolid
30%
Erwin von Bary qui a exploré le sud de la Libye au XIXe siècle était anglais il était allemand
30%
Pierre-Esprit Radisson a exploré l'Amérique du Nord
30%
Louis Antoine de Bougainville a pris possession des Malouines. Il était né à Paris
30%
Richard Byrd, qui a exploré l'Antactique était pilote
30%
Richard F. Burton a découvert le lac Tanganyika
30%
Henri Walter Bates qui a exploré l'Amazonie est né en 1825
20%
Ibn Rustah a exploré la Russie et l'Arabie au Xe siècle
20%
Jean Cabot a découvert Terre-Neuve, il était Italien
20%
L'île de Pâques a été découverte par Jacob Roggeveen
20%
Jean-Baptiste Charcot a exploré l'Arctique et l'Antarctique
20%
William Dampier a cartographié l'Australie
20%
La tradition veut que St Brendan ait exploré... l'océan atlantique
20%
Tristan da Cunha a découvert l'archipel qui porte son nom non c'est une erreur des cartographes
20%
Samuel de Champlain a donné lui-même son nom au lac Champlain c'est exact
10%
Fernand Foureau a exploré le Sahara avant de devenir gouverneur de la Martinique
10%
Nicolas Baudin qui a exploré les côtes de l'Australie était originaire de l'île de Ré
10%
Robert Cavelier de La Salle a exploré les Grands lacs et le Mississipi. Il est mort dans l'actuel état américain... du Texas
10%
Georges et René Estienne ont exploré le Sahara
10%
Jean de Béthencourt a découvert... les Canaries
10%
Adrien et Gaston de Gerlache de Gomery, Belges qui ont exploré l'Antarctique étaient père et fils
10%
Le Suisse Auguste Piccard est monté en 1932 avec un ballon jusqu'à 15781 m
0%
Gustave Le Bon a été le premier Français à pénétrer au Népal
0%
Alfonso de Albuquerque a exploré la mer Rouge
0%
Aucun quiz correspondant
Distribution des résultats
% des personnes avec chaque résultat
Percentile par nombre de réponses
Votre historique - résultats
Vous n’avez pas pris ce quiz depuis la dernière actualisation